000 00807cab a2200181 4500
001 ##L133120
008 060411n2006 000 0 eng u
035 _a(Sirsi) u133120
041 0 _aeng
100 1 _aMeyrick, Dominic
245 0 0 _aFaking it
260 _c2006
490 0 _aRIBA Journal
_v113(4) April 2006, 63-66(3)
520 _aConsiders some of the solutions being adopted by architects and designers to the problem of providing artificial daylight in buildings. Points out that artificial lighting levels, however, cannot equal those of natural lighting, and the most advanced solutions are more expensive and often less energy efficient.
590 _aIKA250406
690 _aBUILT ENVIRONMENT-BUILDING ELEMENTS-COMPLETE BUILDING SERVICES ELEMENTS-COMPLETE LIGHTING SYSTEMS
942 _n0
999 _c76812
_d76812